Statistics for Bundestagsabgeordnete - Die Linke (19. Wahlperiode)

Click here to take the quiz!

General Stats

  • This quiz has been taken 31 times
  • The average score is 20 of 69

Answer Stats

Abgeordnete% Correct
Gregor Gysi
95%
Sahra Wagenknecht
90%
Dietmar Bartsch
86%
Katja Kipping
71%
Gesine Lötzsch
62%
Bernd Riexinger
57%
Petra Pau
57%
Amira Mohamed Ali
52%
Klaus Ernst
52%
Jan Korte
48%
Norbert Müller
48%
Sören Pellmann
48%
André Hahn
43%
Caren Lay
43%
Diether Dehm
38%
Heike Hänsel
38%
Nicole Gohlke
38%
Petra Sitte
38%
Cornelia Möhring
33%
Gökay Akbulut
33%
Martina Renner
33%
Pia Zimmermann
33%
Sabine Zimmermann
33%
Simone Barrientos
33%
Victor Perli
33%
Michel Brandt
29%
Niema Movassat
29%
Sevim Dagdelen
29%
Stefan Liebich
29%
Zaklin Nastic
29%
Alexander Neu
24%
Alexander Ulrich
24%
Anke Domscheit-Berg
24%
Fabio de Masi
24%
Hubertus Zdebel
24%
Ingrid Remmers
24%
Kathrin Vogler
24%
Tobias Pflüger
24%
Andrej Hunko
19%
Birke Bull-Bischoff
19%
Helin Evrim Sommer
19%
Jutta Krellmann
19%
Kirsten Tackmann
19%
Lorenz Gösta Beutin
19%
Michael Leutert
19%
Pascal Meiser
19%
Ralph Lenkert
19%
Susanne Ferschl
19%
Ulla Jelpke
19%
Christine Buchholz
14%
Doris Achselwilm
14%
Friedrich Straetmanns
14%
Jörg Cezanne
14%
Kersten Steinke
14%
Kerstin Kassner
14%
Matthias W. Birkwald
14%
Achim Kessler
10%
Andreas Wagner
10%
Eva Schreiber
10%
Jessica Tatti
10%
Katrin Werner
10%
Matthias Höhn
10%
Sabine Leidig
10%
Thomas Lutze
10%
Thomas Nord
10%
Brigitte Freihold
5%
Harald Weinberg
5%
Heidrun Bluhm
5%
Sylvia Gabelmann
5%

Score Distribution

Percentile by Number Answered

Percent of People with Each Score

Your Score History

You have not taken this quiz